| 000 | 01030cam a22002775a 4500 | ||
|---|---|---|---|
| 001 | 18457561 | ||
| 005 | 20161023143651.0 | ||
| 008 | 150121t2015 enka frb 000 0 eng d | ||
| 010 | _a 2015931453 | ||
| 020 | _a9781784660772 (hbk.) | ||
| 020 | _a1784660779 (hbk.) | ||
| 040 |
_aDLC _beng _cDLC _dEG-ScBUE |
||
| 082 | 0 | 4 |
_a333.7313 _bLAN _222 |
| 245 | 0 | 0 |
_aLand use management and transportation planning / _cedited by C. B. Schoeman. |
| 260 |
_aSouthampton : _bWIT Press, _cc.2015. |
||
| 300 |
_a225 p. : _bill. ; _c23 cm. |
||
| 504 | _aIncludes bibliographical references. | ||
| 520 | _aThe interface between land use management and transportation planning represents probably the most important spatial impact in sustainable land use, mobility and transportation development. | ||
| 650 | 0 |
_aTransportation _xPlanning. _2BUEsh |
|
| 650 | 0 |
_aLand use _xPlanning. _2BUEsh |
|
| 651 | _2BUEsh | ||
| 653 |
_bENGARC _cOctober2016 |
||
| 655 |
_vReading book _934232 |
||
| 700 | 1 |
_aSchoeman, Carel. B. _eeditor. |
|
| 942 | _2ddc | ||
| 999 |
_c22795 _d22767 |
||